NLSUI OPAC header image

The way of deliverence : Three years with the condemned Japanese war criminals (Record no. 6762)

MARC details
000 -LEADER
fixed length control field 00447nam a2200157Ia 4500
008 - FIXED-LENGTH DATA ELEMENTS--GENERAL INFORMATION
fixed length control field 160316s1955 xxu||||| |||| 00| 0 eng d
082 ## - DEWEY DECIMAL CLASSIFICATION NUMBER
Classification number 341.690000
Item number HAN
100 ## - MAIN ENTRY--PERSONAL NAME
Personal name Hanayama Shinsho
245 ## - TITLE STATEMENT
Title The way of deliverence : Three years with the condemned Japanese war criminals
250 ## - EDITION STATEMENT
Edition statement
260 ## - PUBLICATION, DISTRIBUTION, ETC.
Place of publication, distribution, etc. London
Name of publisher, distributor, etc. Victor Gollancz Ltd.
Date of publication, distribution, etc. 1955
300 ## - PHYSICAL DESCRIPTION
Extent 297p
Other physical details
Dimensions xv
365 ## - TRADE PRICE
Price amount Rs.
650 ## - SUBJECT ADDED ENTRY--TOPICAL TERM
Topical term or geographic name entry element 1.Tokyo Trial - War Criminal
700 ## - ADDED ENTRY--PERSONAL NAME
Personal name
--
Holdings
Withdrawn status Lost status Damaged status Not for loan Home library Current library Shelving location Date acquired Total Checkouts Full call number Barcode Date last seen Price effective from Koha item type
        . . Library Compactors 30.05.2017   341.69 HAN 6972 30.05.2017 30.05.2017 BOOKs